[Event "WJCC U20 Girls 2019"]
[Site "New Delhi"]
[Date "2019.10.23"]
[Round "9.14"]
[White "Afraoui, Anaelle"]
[Black "Zhu, Jiner"]
[Result "0-1"]
[WhiteElo "2106"]
[BlackElo "2507"]
[Annotator "TA"]
[PlyCount "40"]
[EventDate "2019.10.15"]
[EventType "swiss"]
[EventCountry "IND"]
[SourceTitle "playchess.com"]
[Source "ChessBase"]
[SourceQuality "1"]

{[%evp 9,40,13,45,0,27,-10,31,-31,-28,-49,-31,-31,-27,-40,-28,-72,-77,-193,-189,-344,-340,-448,-449,-441,-427,-472,-468,-576,-549,-692,-672,-662,-662]} 1. e4 e5 2. Nf3 Nc6 3. Bb5 g6 4. d4 exd4 5. c3 Bg7 6. O-O {[%cal Rc3d4][%mdl 1024] White has compensation. C60: Ruy Lopez: Unusual Black 3rd moves and 3...g6} (6. cxd4 a6 7. Bc4 d6 8. O-O Nf6 9. Nc3 O-O 10. h3 b5 11. Bd3 Bb7 12. Bg5 h6 13. Be3 {0-1 (54) Hovhannisyan,R (2639)-Demchenko,A (2655) Khanty-Mansiysk 2019}) 6... a6 {[#] aiming for ...dxc3.} 7. Bc4 {[%cal Rc3d4]} (7. Bxc6 $5 dxc6 8. cxd4 $11) 7... Nge7 8. Bg5 $146 ({Better is} 8. cxd4 $14 b5 9. Bb3) ({Predecessor:} 8. cxd4 b5 9. Bd3 d6 10. d5 Na5 11. Nc3 O-O 12. Bg5 c5 13. dxc6 Naxc6 {1-0 (55) Ivic,V (2510)-Blohberger,F (2476) Pardubice 2019}) 8... h6 9. Bd2 O-O 10. cxd4 d5 11. exd5 Nxd5 12. Qb3 Nb6 13. Bd3 (13. d5 $17 Ne5 14. Nxe5 Bxe5 15. Na3) 13... Nxd4 $19 14. Qd1 $2 {[#]} (14. Nxd4 Qxd4 15. Re1) 14... Bg4 15. Be4 Nc4 {Black is clearly winning.} 16. Bc3 Bxf3 17. gxf3 Qh4 18. f4 Rad8 19. Nd2 Qxf4 {Hoping for ...Nxd2.} 20. Re1 Ne6 {Accuracy: White =  8%, Black = 69%.} 0-1

[Event "WJCC U20 Girls 2019"]
[Site "New Delhi"]
[Date "2019.10.23"]
[Round "9.15"]
[White "Narva, Mai"]
[Black "Sapale Saloni"]
[Result "1/2-1/2"]
[WhiteElo "2378"]
[BlackElo "2142"]
[Annotator "ChessBase"]
[PlyCount "90"]
[EventDate "2019.10.15"]
[EventType "swiss"]
[EventCountry "IND"]
[SourceTitle "playchess.com"]
[Source "ChessBase"]
[SourceQuality "1"]
[TimeControl "40/5400+30:1800+30"]

1. e4 {[%emt 0:00:00]} c5 {[%emt 0:00:00]} 2. Nf3 {[%emt 0:00:00]} d6 {[%emt 0:00:00]} 3. d4 {[%emt 0:01:26]} Nf6 {[%emt 0:00:00]} 4. Nc3 {[%emt 0:01:06]} cxd4 {[%emt 0:00:09]} 5. Nxd4 {[%emt 0:00:12]} a6 {[%emt 0:00:10]} 6. a4 {[%emt 0:04:03]} e5 {[%emt 0:00:16]} 7. Nb3 {[%emt 0:00:19]} Be6 {[%emt 0:01:05]} 8. Bg5 {[%emt 0:04:28]} Nbd7 {[%emt 0:09:38]} 9. Be2 {[%emt 0:01:41]} Be7 {[%emt 0:01:22]} 10. O-O {[%emt 0:02:34]} O-O {[%emt 0:00:47]} 11. a5 {[%emt 0:05:27]} Rc8 {[%emt 0:04:56]} 12. Be3 {[%emt 0:11:15]} Qc7 {[%emt 0:03:20]} 13. Bf3 {[%emt 0:06:18]} Rfd8 {[%emt 0:02:48]} 14. h3 {[%emt 0:02:25]} Qc6 {[%emt 0:03:58]} 15. Qd2 {[%emt 0:03:50]} h6 {[%emt 0:05:57]} 16. Rfd1 {[%emt 0:02:20]} Nh7 {[%emt 0:02:49]} 17. Be2 {[%emt 0:14:14]} Nhf6 {[%emt 0:03:10]} 18. f3 {[%emt 0:03:36]} Nf8 {[%emt 0:06:31]} 19. Bb6 {[%emt 0:05:06]} Rd7 {[%emt 0:00:25]} 20. Qe3 {[%emt 0:01:22]} Ng6 {[%emt 0:10:23]} 21. Na4 {[%emt 0:08:19]} Nh5 {[%emt 0:05:28]} 22. Qd2 {[%emt 0:11:30]} Nhf4 {[%emt 0:04:55]} 23. Bf1 {[%emt 0:03:42]} Nh4 {[%emt 0:10:49]} 24. Qc3 {[%emt 0:02:26]} Nhg6 {[%emt 0:03:59]} 25. Bf2 {[%emt 0:03:59]} Qxc3 {[%emt 0:03:22]} 26. Nxc3 {[%emt 0:00:30]} h5 {[%emt 0:02:37]} 27. Rac1 {[%emt 0:00:45]} h4 {[%emt 0:01:07]} 28. Na4 {[%emt 0:00:27]} Rc6 {[%emt 0:01:09]} 29. c4 {[%emt 0:00:33]} Rdc7 {[%emt 0:01:04]} 30. Nd2 {[%emt 0:00:32]} Nf8 {[%emt 0:01:46]} 31. Nb6 {[%emt 0:00:24]} Nd7 {[%emt 0:02:49]} 32. b4 {[%emt 0:00:32]} Nxb6 {[%emt 0:00:48]} 33. Bxb6 {[%emt 0:00:16]} Rc8 {[%emt 0:00:05]} 34. Ra1 {[%emt 0:00:46]} Bd8 {[%emt 0:00:14]} 35. Be3 {[%emt 0:00:28]} Ra8 {[%emt 0:01:33]} 36. b5 {[%emt 0:00:33]} axb5 {[%emt 0:00:09]} 37. cxb5 {[%emt 0:00:07]} Rc3 {[%emt 0:00:16]} 38. Bxf4 {[%emt 0:00:55]} exf4 {[%emt 0:00:07]} 39. a6 {[%emt 0:00:30]} bxa6 {[%emt 0:00:48]} 40. Nb1 {[%emt 0:00:31]} Rcc8 {[%emt 0:00:55]} 41. bxa6 {[%emt 0:02:21]} Bb6+ {[%emt 0:12:59]} 42. Kh2 {[%emt 0:00:57]} Bc5 {[%emt 0:08:32]} 43. Nc3 {[%emt 0:05:21]} Rc6 {[%emt 0:03:35]} 44. Na4 {[%emt 0:09:08]} Bb3 {[%emt 0:07:14]} 45. Rdb1 {[%emt 0:01:38]} Bxa4 {[%emt 0:00:17]} 1/2-1/2

[Event "WJCC U20 Girls 2019"]
[Site "New Delhi"]
[Date "2019.10.23"]
[Round "9.16"]
[White "Nastase, Andreea-Cristina"]
[Black "Potapova, Margarita"]
[Result "1/2-1/2"]
[WhiteElo "2077"]
[BlackElo "2377"]
[Annotator "TA"]
[PlyCount "92"]
[EventDate "2019.10.15"]
[EventType "swiss"]
[EventCountry "IND"]
[SourceTitle "playchess.com"]
[Source "ChessBase"]
[SourceQuality "1"]

{[%evp 13,92,10,5,13,13,4,6,7,25,12,14,21,20,18,36,6,12,0,16,-8,-11,-35,-26,-47,-44,-96,-51,-87,-87,-87,-87,-87,-87,-87,-87,-101,-85,-95,-95,-94,-87,-94,-90,-88,-74,-106,-91,-96,-22,-31,-33,-24,-16,-11,-16,-14,-4,-9,0,0,0,0,0,0,0,-25,-21,-29,0,0,0,0,0,0,0,0,0,0,0,0,0]} 1. d4 Nf6 2. c4 e6 3. Nc3 Bb4 4. e3 O-O 5. Bd3 d5 6. Nf3 c5 7. O-O b6 8. Qe2 {E53: Nimzo-Indian: Rubinstein: Main Line (4...0-0 5 Nf3 d5 6 Bd3 c5 7 0-0)} (8. cxd5 exd5 9. Ne5 Bxc3 10. bxc3 Ba6 11. Bxa6 Nxa6 12. a4 Re8 13. Qd3 Nb8 14. Ba3 c4 15. Qf5 Qc7 16. f3 Nc6 17. Nxc6 Qxc6 18. Bc1 Re6 19. Ra2 Rae8 20. Qc2 {0-1 (66) Romanov,E (2626)-Cheparinov,I (2695) Mali Losinj 2017}) 8... Bxc3 9. bxc3 Ba6 10. Ba3 $146 ({Predecessor:} 10. Rd1 Qc7 11. cxd5 Bxd3 12. Qxd3 exd5 13. dxc5 bxc5 14. c4 dxc4 15. Qxc4 {1-0 (76) Risco Alarcon,J (1920)-Flores Aedo,A (1467) Trujillo 2016}) 10... Nbd7 {[%cal Bb8d7,Bd7c5,Bc5e4][%mdl 32]} 11. cxd5 Bxd3 12. Qxd3 exd5 13. c4 Rc8 14. Rfd1 Re8 15. dxc5 Nxc5 16. Qf5 {[%cal Rc4d5]} g6 17. Qh3 Nce4 $36 {[%mdl 2048] Black fights for an advantage.} 18. cxd5 Rc2 19. Qh4 ({White should try} 19. Rdc1 $15 Rxf2 20. d6) 19... Nxf2 (19... Rxf2 {seems wilder.} 20. d6 Qc8 21. d7 Nxd7 22. Ng5 Ndf6) 20. Rd2 Rxd2 21. Nxd2 N2e4 ({Not} 21... Rxe3 22. Bb2 $16) 22. Nxe4 Nxe4 23. Qxd8 Rxd8 $17 {[%mdl 4096] Endgame KRB-KRN} 24. Rd1 f5 25. g4 Nc3 26. Rd3 Nxd5 27. gxf5 gxf5 28. Kf2 Kf7 29. Rd1 Ke6 30. Rc1 Rd7 (30... Kd7 $17 31. Bb2 Rg8) 31. Rc6+ $1 $11 Kf7 32. Kf3 Rd8 33. Bb2 Re8 34. Bd4 Re6 35. Rc8 Rh6 36. Kg3 a5 37. a3 {[%cal Ba2a3,Ba3a4][%mdl 32]} Ke7 38. Rb8 Kd7 39. Rb7+ Kc6 40. Rf7 Rh5 41. a4 $1 {The position is equal.} Kd6 42. h4 Kc6 43. Rf8 Kd6 44. Rd8+ Kc6 45. Rf8 Kd6 46. Rd8+ Kc6 {Accuracy: White = 63%, Black = 56%.} 1/2-1/2

[Event "WJCC U20 Girls 2019"]
[Site "New Delhi"]
[Date "2019.10.23"]
[Round "9.17"]
[White "Diakonova, Ekaterina"]
[Black "Rindhiya V"]
[Result "1-0"]
[WhiteElo "2231"]
[BlackElo "1817"]
[Annotator "ChessBase"]
[PlyCount "91"]
[EventDate "2019.10.15"]
[EventType "swiss"]
[EventCountry "IND"]
[SourceTitle "playchess.com"]
[Source "ChessBase"]
[SourceQuality "1"]
[TimeControl "40/5400+30:1800+30"]

1. e4 e5 2. Nf3 Nc6 3. Bb5 a6 4. Ba4 Nf6 5. O-O Be7 6. Re1 b5 7. Bb3 O-O 8. h3 d6 9. c3 Na5 10. Bc2 c5 11. d4 Qc7 12. Nbd2 cxd4 13. cxd4 Nc6 14. Nb3 a5 15. Be3 a4 16. Nbd2 Bd7 17. Rc1 Rfc8 18. Bd3 Qb7 19. Qe2 Rab8 20. Bb1 Rc7 21. Nf1 Rbc8 22. Rcd1 g6 23. Bg5 Qb6 24. Bxf6 Bxf6 25. Ne3 Ne7 26. dxe5 dxe5 27. Nd5 Nxd5 28. exd5 Qd6 29. Nd2 Bg7 30. Ne4 Qf8 31. a3 f5 32. d6 Rc6 33. Ba2+ Kh8 34. Ng5 h6 35. Nf7+ Kh7 36. Nxe5 Bxe5 37. Qxe5 Re8 38. Qe7+ Rxe7 39. dxe7 Qe8 40. Rxd7 Rc8 41. Red1 Kg7 42. Rd8 Qxe7 43. R8d7 Qxd7 44. Rxd7+ Kf6 45. f4 Rc2 46. Rf7# 1-0

[Event "WJCC U20 Girls 2019"]
[Site "New Delhi"]
[Date "2019.10.23"]
[Round "9.18"]
[White "Mrudul Dehankar"]
[Black "Avetisyan, Mariam"]
[Result "0-1"]
[WhiteElo "2227"]
[BlackElo "2110"]
[Annotator "ChessBase"]
[PlyCount "174"]
[EventDate "2019.10.15"]
[EventType "swiss"]
[EventCountry "IND"]
[SourceTitle "playchess.com"]
[Source "ChessBase"]
[SourceQuality "1"]
[TimeControl "40/5400+30:1800+30"]

1. e4 {[%emt 0:00:00]} e6 {[%emt 0:00:00]} 2. Nf3 {[%emt 0:00:00]} d5 {[%emt 0:00:00]} 3. Nc3 {[%emt 0:00:00]} Nf6 {[%emt 0:00:00]} 4. e5 {[%emt 0:00:00]} Nfd7 {[%emt 0:00:00]} 5. d4 {[%emt 0:00:03]} c5 {[%emt 0:00:00]} 6. dxc5 {[%emt 0:00:15]} Nc6 {[%emt 0:00:02]} 7. Bf4 {[%emt 0:00:08]} Nxc5 {[%emt 0:00:10]} 8. a3 {[%emt 0:02:12]} a6 {[%emt 0:03:55]} 9. h4 {[%emt 0:04:11]} Be7 {[%emt 0:01:14]} 10. h5 {[%emt 0:00:30]} b5 {[%emt 0:21:41]} 11. Nd4 {[%emt 0:22:22]} Nxd4 {[%emt 0:10:33]} 12. Qxd4 {[%emt 0:00:06]} Nd7 {[%emt 0:10:48]} 13. Qe3 {[%emt 0:09:41]} Qa5 {[%emt 0:13:08]} 14. Rd1 {[%emt 0:17:35]} b4 {[%emt 0:14:38]} 15. axb4 {[%emt 0:01:04]} Qxb4 {[%emt 0:00:05]} 16. Be2 {[%emt 0:03:03]} Bc5 {[%emt 0:03:40]} 17. Qd2 {[%emt 0:03:04]} Bb7 {[%emt 0:01:39]} 18. Bf3 {[%emt 0:05:17]} O-O {[%emt 0:06:32]} 19. O-O {[%emt 0:04:21]} Rac8 {[%emt 0:03:52]} 20. Bg3 {[%emt 0:08:18]} Be7 {[%emt 0:02:04]} 21. Ne2 {[%emt 0:08:02]} Qxd2 {[%emt 0:02:19]} 22. Rxd2 {[%emt 0:00:03]} Bg5 {[%emt 0:00:30]} 23. Bf4 {[%emt 0:05:33]} Bxf4 {[%emt 0:00:04]} 24. Nxf4 {[%emt 0:00:02]} Nxe5 {[%emt 0:00:07]} 25. Be2 {[%emt 0:00:12]} Nc4 {[%emt 0:01:18]} 26. Rd3 {[%emt 0:01:43]} Nd6 {[%emt 0:03:09]} 27. Rc1 {[%emt 0:02:16]} Rfd8 {[%emt 0:01:10]} 28. Ra3 {[%emt 0:01:19]} Nb5 {[%emt 0:00:19]} 29. Rb3 {[%emt 0:02:03]} Bc6 {[%emt 0:00:26]} 30. c3 {[%emt 0:00:58]} Ra8 {[%emt 0:00:28]} 31. Ra1 {[%emt 0:00:21]} Rdb8 {[%emt 0:00:27]} 32. Nd3 {[%emt 0:00:42]} a5 {[%emt 0:00:16]} 33. Ne5 {[%emt 0:00:32]} Be8 {[%emt 0:00:09]} 34. Kf1 {[%emt 0:00:27]} f6 {[%emt 0:00:23]} 35. Nd3 {[%emt 0:00:32]} Kf8 {[%emt 0:00:34]} 36. Nf4 {[%emt 0:00:29]} Ke7 {[%emt 0:00:34]} 37. c4 {[%emt 0:00:34]} dxc4 {[%emt 0:00:25]} 38. Bxc4 {[%emt 0:00:19]} e5 {[%emt 0:00:17]} 39. Nd5+ {[%emt 0:00:34]} Kf8 {[%emt 0:00:56]} 40. h6 {[%emt 0:00:31]} Nd6 {[%emt 0:00:39]} 41. hxg7+ {[%emt 0:13:32]} Kxg7 {[%emt 0:00:26]} 42. Nc7 {[%emt 0:01:13]} Nxc4 {[%emt 0:05:44]} 43. Rg3+ {[%emt 0:00:47]} Bg6 {[%emt 0:00:50]} 44. Nxa8 {[%emt 0:00:03]} Rxa8 {[%emt 0:00:03]} 45. b3 {[%emt 0:00:58]} Nd6 {[%emt 0:02:00]} 46. Rc3 {[%emt 0:01:33]} Nb5 {[%emt 0:07:49]} 47. Rc5 {[%emt 0:01:52]} Nd4 {[%emt 0:00:22]} 48. Raxa5 {[%emt 0:01:15]} Rxa5 {[%emt 0:00:01]} 49. Rxa5 {[%emt 0:00:01]} Nxb3 {[%emt 0:00:06]} 50. Ra3 {[%emt 0:01:29]} Nd4 {[%emt 0:01:00]} 51. f3 {[%emt 0:00:44]} h5 52. Kf2 {[%emt 0:00:55]} Bf7 {[%emt 0:03:06]} 53. Ra4 {[%emt 0:01:08]} Kg6 {[%emt 0:02:17]} 54. Ra7 {[%emt 0:03:45]} Be6 {[%emt 0:00:43]} 55. Ra8 {[%emt 0:02:01]} Kg5 {[%emt 0:03:01]} 56. Ra4 {[%emt 0:01:44]} h4 {[%emt 0:04:33]} 57. Ke3 {[%emt 0:01:21]} Nf5+ {[%emt 0:00:29]} 58. Kf2 {[%emt 0:00:12]} Ng3 {[%emt 0:01:32]} 59. Ra6 {[%emt 0:00:43]} Bf5 {[%emt 0:00:20]} 60. Ra8 {[%emt 0:00:58]} Bg6 {[%emt 0:01:03]} 61. Ra5 {[%emt 0:00:36]} Kf4 {[%emt 0:01:52]} 62. Ra6 {[%emt 0:00:17]} Kg5 {[%emt 0:00:40]} 63. Ra5 {[%emt 0:00:03]} Bh5 {[%emt 0:01:11]} 64. Rb5 {[%emt 0:01:42]} Kf4 {[%emt 0:00:52]} 65. Rb4+ {[%emt 0:00:46]} e4 {[%emt 0:00:12]} 66. fxe4 {[%emt 0:00:55]} Nxe4+ {[%emt 0:00:03]} 67. Kg1 {[%emt 0:00:07]} f5 {[%emt 0:00:25]} 68. Kh2 {[%emt 0:00:13]} Kg4 {[%emt 0:00:48]} 69. Ra4 {[%emt 0:01:24]} Bg6 {[%emt 0:00:40]} 70. Ra6 {[%emt 0:00:22]} Be8 {[%emt 0:00:24]} 71. Rb6 {[%emt 0:00:59]} Ng5 {[%emt 0:00:22]} 72. Rb4+ {[%emt 0:01:32]} f4 {[%emt 0:00:05]} 73. Rb3 {[%emt 0:01:06]} Bc6 {[%emt 0:00:21]} 74. Rb4 {[%emt 0:00:44]} Be4 {[%emt 0:00:21]} 75. Kg1 {[%emt 0:00:35]} Kg3 {[%emt 0:02:43]} 76. Rb5 {[%emt 0:00:01]} Kg4 {[%emt 0:00:20]} 77. Rb4 {[%emt 0:00:01]} f3 {[%emt 0:00:12]} 78. gxf3+ {[%emt 0:00:34]} Nxf3+ {[%emt 0:00:04]} 79. Kh1 {[%emt 0:01:18]} Ng5+ {[%emt 0:00:12]} 80. Kh2 {[%emt 0:00:27]} h3 {[%emt 0:00:53]} 81. Ra4 {[%emt 0:00:28]} Nf3+ {[%emt 0:00:17]} 82. Kh1 {[%emt 0:00:02]} Nd2+ {[%emt 0:00:11]} 83. Kg1 {[%emt 0:00:49]} Kg3 {[%emt 0:00:06]} 84. Ra3+ {[%emt 0:00:25]} Bf3 {[%emt 0:00:19]} 85. Rxf3+ {[%emt 0:00:06]} Nxf3+ {[%emt 0:00:03]} 86. Kh1 {[%emt 0:00:03]} Ne1 {[%emt 0:00:07]} 87. Kg1 {[%emt 0:00:07]} Nd3 {[%emt 0:00:05]} 0-1

[Event "WJCC U20 Girls 2019"]
[Site "New Delhi"]
[Date "2019.10.23"]
[Round "9.19"]
[White "Olde, Margareth"]
[Black "Ghosh Samriddhaa"]
[Result "1/2-1/2"]
[WhiteElo "2205"]
[BlackElo "1867"]
[Annotator "ChessBase"]
[PlyCount "88"]
[EventDate "2019.10.15"]
[EventType "swiss"]
[EventCountry "IND"]
[SourceTitle "playchess.com"]
[Source "ChessBase"]
[SourceQuality "1"]
[TimeControl "40/5400+30:1800+30"]

1. d4 {[%emt 0:00:00]} d5 {[%emt 0:00:00]} 2. c4 {[%emt 0:00:00]} e6 {[%emt 0:00:00]} 3. Nf3 {[%emt 0:00:00]} c6 {[%emt 0:00:00]} 4. g3 {[%emt 0:00:00]} Nf6 {[%emt 0:00:41]} 5. Bg2 {[%emt 0:00:00]} Be7 {[%emt 0:00:41]} 6. O-O {[%emt 0:00:18]} O-O {[%emt 0:00:14]} 7. Qc2 {[%emt 0:00:27]} Nbd7 {[%emt 0:00:40]} 8. Rd1 {[%emt 0:00:16]} b6 {[%emt 0:02:12]} 9. Bf4 {[%emt 0:00:50]} Bb7 {[%emt 0:02:32]} 10. Ne5 {[%emt 0:00:13]} Rc8 {[%emt 0:03:46]} 11. Nc3 {[%emt 0:00:37]} c5 {[%emt 0:13:59]} 12. cxd5 {[%emt 0:00:19]} exd5 {[%emt 0:04:38]} 13. e3 {[%emt 0:01:15]} cxd4 {[%emt 0:09:16]} 14. exd4 {[%emt 0:00:16]} Bb4 {[%emt 0:20:35]} 15. Qb3 {[%emt 0:11:07]} Bxc3 {[%emt 0:01:08]} 16. bxc3 {[%emt 0:00:08]} h6 {[%emt 0:08:05]} 17. Rac1 {[%emt 0:08:44]} Re8 {[%emt 0:03:56]} 18. h4 {[%emt 0:11:19]} Nf8 {[%emt 0:03:16]} 19. Qa4 {[%emt 0:12:05]} a5 {[%emt 0:03:55]} 20. c4 {[%emt 0:10:51]} Ne6 {[%emt 0:01:29]} 21. Be3 {[%emt 0:01:02]} Ba6 {[%emt 0:03:04]} 22. cxd5 {[%emt 0:07:06]} Rxc1 {[%emt 0:03:26]} 23. Rxc1 {[%emt 0:06:03]} b5 {[%emt 0:01:07]} 24. Qb3 {[%emt 0:03:58]} a4 {[%emt 0:00:07]} 25. Qd3 {[%emt 0:05:30]} Nxd5 {[%emt 0:06:30]} 26. Nc6 {[%emt 0:01:49]} Qd6 {[%emt 0:02:27]} 27. Bxd5 {[%emt 0:00:20]} Qxd5 {[%emt 0:00:06]} 28. Nb4 {[%emt 0:00:08]} Qd6 {[%emt 0:02:52]} 29. Nxa6 {[%emt 0:00:10]} Qxa6 {[%emt 0:00:03]} 30. d5 {[%emt 0:00:47]} Rd8 {[%emt 0:01:24]} 31. Qf5 {[%emt 0:05:22]} Nf8 {[%emt 0:00:25]} 32. Bf4 {[%emt 0:02:40]} Qg6 {[%emt 0:02:17]} 33. Qe5 {[%emt 0:02:38]} f6 {[%emt 0:00:30]} 34. Qd4 {[%emt 0:04:51]} Qf5 {[%emt 0:00:37]} 35. Rd1 {[%emt 0:02:04]} Ne6 {[%emt 0:00:35]} 36. Qd2 {[%emt 0:02:34]} Nxf4 {[%emt 0:00:08]} 37. gxf4 {[%emt 0:00:28]} Qg4+ {[%emt 0:00:31]} 38. Kf1 {[%emt 0:00:06]} Qh3+ {[%emt 0:00:43]} 39. Kg1 {[%emt 0:00:06]} Qg4+ {[%emt 0:00:26]} 40. Kf1 {[%emt 0:00:04]} Qh3+ {[%emt 0:00:29]} 41. Kg1 {[%emt 0:30:07]} Qg4+ {[%emt 0:20:26]} 42. Kf1 {[%emt 0:00:00]} Qh3+ {[%emt 0:02:55]} 43. Kg1 {[%emt 0:00:00]} Qg4+ {[%emt 0:00:17]} 44. Kf1 {[%emt 0:00:00]} Qh3+ {[%emt 0:02:14]} 1/2-1/2

[Event "WJCC U20 Girls 2019"]
[Site "New Delhi"]
[Date "2019.10.23"]
[Round "9.20"]
[White "Bhagyashree Patil"]
[Black "Pychova, Nela"]
[Result "1/2-1/2"]
[WhiteElo "1802"]
[BlackElo "2178"]
[Annotator "ChessBase"]
[PlyCount "70"]
[EventDate "2019.10.15"]
[EventType "swiss"]
[EventCountry "IND"]
[SourceTitle "playchess.com"]
[Source "ChessBase"]
[SourceQuality "1"]
[TimeControl "40/5400+30:1800+30"]

1. e4 {[%emt 0:00:00]} c6 {[%emt 0:00:00]} 2. d4 {[%emt 0:00:00]} d5 {[%emt 0:00:00]} 3. exd5 {[%emt 0:00:26]} cxd5 {[%emt 0:00:00]} 4. Bd3 {[%emt 0:00:16]} g6 {[%emt 0:00:38]} 5. Ne2 {[%emt 0:01:33]} Bf5 {[%emt 0:09:03]} 6. O-O {[%emt 0:01:56]} Nf6 {[%emt 0:06:20]} 7. Ng3 {[%emt 0:02:13]} Bxd3 {[%emt 0:01:17]} 8. Qxd3 {[%emt 0:00:13]} Bg7 {[%emt 0:00:13]} 9. Nd2 {[%emt 0:02:43]} O-O {[%emt 0:01:21]} 10. Nf3 {[%emt 0:05:43]} Nc6 {[%emt 0:00:32]} 11. Bf4 {[%emt 0:02:12]} Rc8 {[%emt 0:03:51]} 12. c3 {[%emt 0:00:22]} a6 {[%emt 0:01:02]} 13. Rac1 {[%emt 0:06:55]} b5 {[%emt 0:00:58]} 14. b4 {[%emt 0:02:55]} Qb6 {[%emt 0:01:29]} 15. Nd2 {[%emt 0:01:15]} Rfe8 {[%emt 0:14:33]} 16. Rfe1 {[%emt 0:02:00]} Nd7 {[%emt 0:01:20]} 17. Be3 {[%emt 0:11:38]} Qb8 {[%emt 0:02:44]} 18. Nb3 {[%emt 0:02:09]} e5 {[%emt 0:07:34]} 19. Ne2 {[%emt 0:07:42]} e4 {[%emt 0:04:40]} 20. Qb1 {[%emt 0:05:40]} Nd8 {[%emt 0:06:45]} 21. Nc5 {[%emt 0:03:08]} Qa7 {[%emt 0:19:46]} 22. Rc2 {[%emt 0:13:24]} Nb6 {[%emt 0:01:16]} 23. Bc1 {[%emt 0:01:15]} f5 {[%emt 0:02:16]} 24. a4 {[%emt 0:05:01]} Nc4 {[%emt 0:08:27]} 25. Ra2 {[%emt 0:03:28]} Qb6 {[%emt 0:02:32]} 26. axb5 {[%emt 0:08:59]} axb5 {[%emt 0:00:15]} 27. Bf4 {[%emt 0:02:51]} Nc6 {[%emt 0:00:54]} 28. Ra6 {[%emt 0:00:10]} Qd8 {[%emt 0:00:06]} 29. Qc1 {[%emt 0:02:43]} Bf6 {[%emt 0:00:42]} 30. Bh6 {[%emt 0:00:48]} Qe7 {[%emt 0:03:01]} 31. Nf4 {[%emt 0:01:25]} Qf7 {[%emt 0:00:32]} 32. Nh3 {[%emt 0:00:21]} Nb8 {[%emt 0:00:43]} 33. Ra2 {[%emt 0:01:51]} Nc6 {[%emt 0:00:51]} 34. Ra6 {[%emt 0:00:22]} Nb8 {[%emt 0:00:26]} 35. Ra2 {[%emt 0:00:14]} Nc6 {[%emt 0:00:16]} 1/2-1/2

[Event "WJCC U20 Girls 2019"]
[Site "New Delhi"]
[Date "2019.10.23"]
[Round "9.21"]
[White "Nilssen, Ellen Fredericia"]
[Black "Zhang, Xiao"]
[Result "0-1"]
[WhiteElo "2137"]
[BlackElo "2053"]
[Annotator "TA"]
[PlyCount "44"]
[EventDate "2019.10.15"]
[EventType "swiss"]
[EventCountry "IND"]
[SourceTitle "playchess.com"]
[Source "ChessBase"]
[SourceQuality "1"]

{[%evp 19,44,13,15,16,21,-23,-19,-13,-17,-5,54,50,59,86,81,0,0,-36,-34,-407,-426,-409,-419,-519,-540,-1044,-1010]} 1. Nf3 d5 2. g3 Nf6 3. d4 e6 4. c4 dxc4 5. Bg2 c5 6. Qa4+ Nc6 7. O-O Bd7 8. dxc5 Bxc5 9. Qxc4 Be7 10. Nc3 O-O 11. e4 {E04: Open Catalan: 5 Nf3} Qa5 12. e5 $146 ({Predecessor:} 12. Rd1 Rad8 13. Qe2 Bc8 14. Bd2 Qh5 15. e5 Nd7 16. Bf4 g5 17. Nxg5 Qxe2 18. Nxe2 Ndxe5 {½-½ (41) Eljanov,P (2703)-Wojtaszek,R (2727) Batumi 2018}) 12... Nxe5 13. Nxe5 {The position is equal.} Qxe5 14. Bxb7 Qh5 ({Black should play} 14... Rad8 $11) 15. Bxa8 $14 Ng4 {[%csl Gg4][%cal Rh5h2] [#]} 16. h4 Rxa8 17. Qc7 (17. Bf4 $16 {Hoping for Qc7.} g5 18. Rfd1) 17... Ne5 $11 18. Bf4 Bc6 $40 {[%mdl 128] Black is up to no good.} 19. Rfd1 $2 {[%mdl 8192]} ({Don't go for} 19. Bxe5 $2 Qf3 $19) ({Only move:} 19. Rfe1 $1 $15 Qf3 20. Ne4 Bxe4 21. Rxe4) 19... Qf3 $19 {[%csl Gc6][%cal Rf3h1]} 20. Nd5 exd5 ({And not} 20... Bxd5 21. Rxd5 Qxd5 22. Qxe5 $11) 21. Bxe5 {[#]} d4 $1 {[%csl Gc6][%cal Rf3h1][%mdl 512]} 22. Kf1 (22. Rxd4 Qh1#) 22... d3 0-1

[Event "WJCC U20 Girls 2019"]
[Site "New Delhi"]
[Date "2019.10.23"]
[Round "9.22"]
[White "Nomindalai Tumurbaatar"]
[Black "Harshita Guddanti"]
[Result "1/2-1/2"]
[WhiteElo "2061"]
[BlackElo "2123"]
[Annotator "ChessBase"]
[PlyCount "87"]
[EventDate "2019.10.15"]
[EventType "swiss"]
[EventCountry "IND"]
[SourceTitle "playchess.com"]
[Source "ChessBase"]
[SourceQuality "1"]
[TimeControl "40/5400+30:1800+30"]

1. d4 {[%emt 0:00:00]} Nf6 {[%emt 0:00:00]} 2. Bf4 {[%emt 0:00:00]} e6 {[%emt 0:00:22]} 3. e3 {[%emt 0:00:04]} c5 {[%emt 0:01:05]} 4. c3 {[%emt 0:00:31]} Nc6 {[%emt 0:01:31]} 5. Nd2 {[%emt 0:00:20]} d5 {[%emt 0:00:48]} 6. Ngf3 {[%emt 0:00:12]} Bd6 {[%emt 0:00:42]} 7. Bg3 {[%emt 0:00:12]} O-O {[%emt 0:00:39]} 8. Bd3 {[%emt 0:00:15]} b6 {[%emt 0:00:28]} 9. Qe2 {[%emt 0:00:13]} Bb7 {[%emt 0:03:53]} 10. Rd1 {[%emt 0:00:16]} Be7 {[%emt 0:15:57]} 11. Ne5 {[%emt 0:04:31]} g6 {[%emt 0:01:37]} 12. f4 {[%emt 0:07:35]} Nh5 {[%emt 0:09:44]} 13. O-O {[%emt 0:01:18]} f5 {[%emt 0:07:10]} 14. Be1 {[%emt 0:07:01]} Qc7 {[%emt 0:03:43]} 15. Ndf3 {[%emt 0:07:43]} Bf6 {[%emt 0:08:05]} 16. Kh1 {[%emt 0:06:50]} a5 {[%emt 0:04:49]} 17. Nxc6 {[%emt 0:05:53]} Bxc6 {[%emt 0:03:20]} 18. Rg1 {[%emt 0:01:06]} Ba4 {[%emt 0:08:11]} 19. b3 {[%emt 0:10:15]} Bd7 {[%emt 0:02:45]} 20. g4 {[%emt 0:10:07]} fxg4 {[%emt 0:02:35]} 21. Ne5 {[%emt 0:02:32]} Bxe5 {[%emt 0:05:21]} 22. fxe5 {[%emt 0:00:07]} c4 {[%emt 0:05:27]} 23. Qxg4 {[%emt 0:11:57]} cxd3 {[%emt 0:01:30]} 24. Qxh5 {[%emt 0:00:05]} Rf1 {[%emt 0:00:57]} 25. Bd2 {[%emt 0:06:16]} Rxd1 {[%emt 0:01:04]} 26. Qxd1 {[%emt 0:00:04]} a4 {[%emt 0:01:01]} 27. b4 {[%emt 0:01:57]} a3 {[%emt 0:01:32]} 28. Rf1 {[%emt 0:01:38]} Qd8 {[%emt 0:04:18]} 29. Rf6 {[%emt 0:03:27]} Qe7 {[%emt 0:01:19]} 30. Be1 {[%emt 0:00:09]} Rf8 {[%emt 0:02:50]} 31. Bh4 {[%emt 0:00:13]} Qg7 {[%emt 0:01:15]} 32. Bg5 {[%emt 0:06:51]} Bb5 {[%emt 0:01:04]} 33. Rxe6 {[%emt 0:03:55]} Qd7 {[%emt 0:00:29]} 34. Rxb6 {[%emt 0:02:21]} Qf5 {[%emt 0:00:47]} 35. Bf4 {[%emt 0:01:00]} Qe4+ {[%emt 0:00:24]} 36. Kg1 {[%emt 0:00:04]} Rxf4 {[%emt 0:00:26]} 37. exf4 {[%emt 0:00:22]} Qe3+ {[%emt 0:00:03]} 38. Kg2 {[%emt 0:00:14]} Qe4+ {[%emt 0:00:55]} 39. Kg3 {[%emt 0:01:06]} Qe3+ {[%emt 0:00:09]} 40. Kg2 {[%emt 0:00:13]} Qe4+ {[%emt 0:00:45]} 41. Kg3 {[%emt 0:03:36]} Qe3+ {[%emt 0:08:24]} 42. Kg2 {[%emt 0:00:05]} Qe4+ {[%emt 0:05:20]} 43. Kg3 {[%emt 0:00:06]} Qe3+ {[%emt 0:00:03]} 44. Kg2 {[%emt 0:00:06]} 1/2-1/2